El conde Aranda y su defensa de España : (Record no. 63440)

MARC details
000 -LEADER
campo de control de longitud fija 00857nam a2200217 i 4500
001 - NÚMERO DE CONTROL
campo de control 63440
003 - IDENTIFICADOR DE NÚMERO DE CONTROL
campo de control ES-MaACL
005 - FECHA Y HORA DE LA ÚLTIMA TRANSACCIÓN
campo de control 20251011110840.0
007 - CAMPO FIJO DE DESCRIPCIÓN FÍSICA--INFORMACIÓN GENERAL
campo de control de longitud fija t|
008 - DATOS DE LONGITUD FIJA--INFORMACIÓN GENERAL
campo de control de longitud fija 031210s1972 sp 00110dspa
080 ## - NÚMERO DE LA CLASIFICACIÓN DECIMAL UNIVERSAL
Número de la Clasificación Decimal Universal 929 Conde de Aranda
100 1# - ENTRADA PRINCIPAL--NOMBRE DE PERSONA
Nombre de persona Ferrer Benimeli, José A.
9 (RLIN) 50445
245 13 - MENCIÓN DEL TÍTULO
Título El conde Aranda y su defensa de España :
Resto del título refutación del "Viaje de Fígaro a España" /
Mención de responsabilidad, etc. José Antonio Ferrer Benimeli ; prólogo del Dr. Carlos E. Corona.
260 ## - PUBLICACIÓN, DISTRIBUCIÓN, ETC.
Lugar de publicación, distribución, etc. Zaragoza :
Nombre del editor, distribuidor, etc. Departamento de Historia Contemporánea de la Universidad de Zaragoza,
Fecha de publicación, distribución, etc. 1972.
300 ## - DESCRIPCIÓN FÍSICA
Extensión 192 p. :
Otras características físicas il. ;
Dimensiones 24 cm.
600 14 - PUNTO DE ACCESO ADICIONAL DE MATERIA--NOMBRE DE PERSONA
Nombre de persona Aranda, Pedro Pablo Abarca de Bolea,
Títulos y otros términos asociados al nombre Conde de,
Fechas asociadas al nombre 1719-1798
9 (RLIN) 22282
700 1# - ENTRADA AGREGADA--NOMBRE PERSONAL
Nombre de persona Corona Baratech, Carlos E.
9 (RLIN) 172245
710 2# - ENTRADA AGREGADA--NOMBRE DE ENTIDAD CORPORATIVA
Nombre de entidad corporativa o nombre de jurisdicción como elemento de entrada Universidad de Zaragoza
9 (RLIN) 7352
852 4# - LOCALIZACIÓN
Ubicación ES-MaACL
Número de control de estantería C-43112
Holdings
Estatus retirado Estado de pérdida Estado de daño No para préstamo Biblioteca de origen Biblioteca actual Ubicación en estantería Fecha de adquisición Fuente de adquisición Total de préstamos Signatura topográfica completa Código de barras Visto por última vez Precio de reemplazo Tipo de ítem Koha
        Biblioteca del Ateneo de Madrid Biblioteca del Ateneo de Madrid Depósito 2 17/01/2008     C-43112 1066496 23/02/2023 23/02/2023 Libro impreso